| 000 | 01120nam a2200229Ia 4500 | ||
|---|---|---|---|
| 999 |
_c4351 _d4351 |
||
| 003 | OSt | ||
| 005 | 20200505112733.0 | ||
| 008 | 191128s2014 ck gr 000 0 spa d | ||
| 020 | _a9789584241733 | ||
| 040 |
_aCO-JMCR _cCO-JMCR |
||
| 041 | 0 | _aspa | |
| 082 | 0 | 4 |
_a306 / _bM672m |
| 100 | 1 |
_aMiranda, Sandra Liliana, _eautora _93920 |
|
| 245 | 1 | 0 |
_aSi cupido supiera de economía : _bel amor no es cuestión de química, sino de oferta y demanda / _cSandra Liliana Miranda |
| 250 | _aSegunda edición | ||
| 260 |
_aBogotá : _bPlaneta, _c2014 |
||
| 300 |
_a194 páginas ; _c23 cm. |
||
| 505 | _a¿Qué es la cupidonomía? -- ¿Es el amor un tema de oferta y demana? --Cómo elegir a la mejor pareja -- ¿Su pareja es la "óptima"? -- ¿Cuánto cuesta y cómo se produce el amor? -- ¿En qué mercados podemos comprar el amor? -- El amor es un juego | ||
| 520 | _a¿Qué tienen en común el amor y la economía? En ambos puede hablarse de mercado, de bienes, de conductas de consumo, de costos y beneficios, de punto de equilibrio, de alianzas estratégicas. | ||
| 650 | 1 | 4 |
_aAmor Economía _93921 |
| 942 |
_2ddc _cBK |
||